000 00209 a2200097 4500
001 1153
100 _aNelkon, M.
245 _aAdv level magnitism and electricity
260 _a
_bArnold
_c
090 _c715
_d715
942 _aNUST-CAE
_cM
_c33767
999 _c236226
_d236226